Statistics for A Quiz About The Beatles

Click here to take the quiz!

General Stats

  • This quiz has been taken 16,869 times
    (9,325 since last reset)
  • The average score is 15 of 20

Answer Stats

Hint Answer % Correct
Who were the four members of the band?John Lennon
99%
Who were the four members of the band?Paul McCartney
98%
Who were the four members of the band?Ringo Starr
98%
What city were all four band members born in?Liverpool
95%
Who were the four members of the band?George Harrison
94%
What spouse was often blamed for breaking up the band?Yoko Ono
90%
What was their nickname?The {Fab} Four
89%
What album's cover featured a zebra crossing?Abbey Road
77%
Fill the blank in the song lyrics. "I am the egg man / They are the egg men /
I am the ______ / Goo goo g'joob"
Walrus
76%
What Indian stringed instrument is featured in some Beatles songs?Sitar
76%
What song's initials, LITSWD, did some people think were a reference to LSD?Lucy in the Sky with
Diamonds
76%
In what German city did the band frequently perform during their early years?Hamburg
73%
What song asks "All the lonely people. Where do they all come from?"Eleanor Rigby
72%
What murderous cult leader was inspired by the song "Helter Skelter"?Charles Manson
71%
What hairstyle did the Beatles wear in their early years?{Mop}top
62%
On what TV show did the Beatles make their first U.S. appearance?The Ed Sullivan Show
58%
Who was the band's original drummer?Pete Best
55%
What is the actual name of the White Album?The Beatles
51%
What is the profession of "Lovely Rita"?Meter Maid
49%
What knighted producer was sometimes called "The Fifth Beatle"?George Martin
41%

Score Distribution

Percentile by Number Answered

Percent of People with Each Score

Your Score History

You have not taken this quiz since the last reset